La Policía judicial en Costa Rica /
Kaydedildi:
| Yazar: | |
|---|---|
| Materyal Türü: | Metin |
| Etiketler: |
Etiketle
Etiket eklenmemiş, İlk siz ekleyin!
|
MARC
| LEADER | 00000 a a2200000 04500 | ||
|---|---|---|---|
| 001 | 17167 | ||
| 003 | |||
| 040 | |||
| 100 | |a Mena, Olga Marta | ||
| 245 | |a La Policía judicial en Costa Rica / |c Olga Marta Mena | ||
| 773 | |g volumen 8, número 1; páginas 479-507 | ||
| 999 | |c 32323 |d 32323 | ||
